Online
Catalog
Normal view MARC view

Entry Nombre personal

Number of records used in: 7

001 - NÚMERO DE CONTROL

  • campo de control: 46170

003 - IDENTIFICADOR DEL NÚMERO DE CONTROL

  • campo de control: BNPHU

005 - FECHA Y HORA DE LA ÚLTIMA TRANSACCIÓN

  • campo de control: 20240301092702.0

008 - DATOS DE LONGITUD FIJA

  • campo de control de longitud fija: 200615|| aca||aabn | a|a d

010 ## - NÚMERO DE CONTROL DE LA BIBLIOTECA DEL CONGRESO

  • Número de control de LC: no 00030539
  • Número de control de LC cancelado o no válido: no 00034454

040 ## - FUENTE DE LA CATALOGACIÓN

  • Centro catalogador/agencia de origen: DO-SdBNP
  • Lengua de catalogación: spa
  • Centro/agencia transcriptor: BNPHU
  • Normas de descripción: rda

100 1# - ENCABEZAMIENTO-NOMBRE DE PERSONA

  • Nombre de persona: Cordero Michel, José R.,
  • Fechas asociadas al nombre: 1931-1959

370 ## - LUGAR ASOCIADO

  • Lugar de nacimiento: Republica Dominicana

375 ## - GÉNERO/SEXO

  • Género/Sexo: Masculino

377 ## - LENGUA/LENGUAJE ASOCIADO

  • Código del idioma: spa
  • Término de lengua/lenguaje: Español

400 1# - TRAZADO DE VÉASE--NOMBRE DE PERSONA

  • Nombre de persona: Michel, José R. Cordero,
  • Fechas asociadas al nombre: 1931-1959

670 ## - FUENTE DE DATOS ENCONTRADOS

  • Cita de la fuente: Cordero Michel, José R., 1931-, Análisis de la Era de Trujillo :, 1999.

670 ## - FUENTE DE DATOS ENCONTRADOS

  • Identificador Uniforme del Recurso: https://publicaciones.isfodosu.edu.do/index.php/publicacionesisfodosu/catalog/book/97

678 ## - DATOS BIOGRÁFICOS O HISTÓRICOS

  • Datos biográficos o históricos: José R. Cordero Michel Sinopsis «José Ramón Cordero Michel murió en junio de 1959 combatiendo la tiranía trujillista cuando apenas tenía 28 años, solo seis años después de haberse graduado como Doctor en derecho en la entonces Universidad de Santo Domingo y de haberse matriculado para estudiar Economía en la Universidad de Wisconsin, en Estados Unidos. Prosiguió sus estudios en universidades de Escocia y de Inglaterra y posteriormente en París, en la universidad La Sorbona, en la que obtiene su doctorado en Ciencias Económicas en 1958. Así, cuando se repatrió como parte de La Raza Inmortal para combatir y derrocar al trujillato, Cordero Michel era uno de los intelectuales dominicanos de más sólida y actualizada formación en las ciencias sociales». «José Ramón Cordero Michel nos ofreció con su ensayo no solo un análisis aséptico de la funesta “Era de Trujillo”, sino un ejercicio crítico-militante, con propósito, en el que adopta una posición de denuncia del régimen dictatorial, lo caracteriza y enjuicia, y evalúa la coyuntura y posibles desarrollos de la misma desde la perspectiva de la acción liberadora». Julio Sánchez Maríñez

Powered by Koha